|
|
|
|
| LEADER |
01111nam a22002772a 4500 |
| 001 |
001385622 |
| 003 |
CZ BrMZK |
| 005 |
20140507095929.0 |
| 007 |
ta |
| 008 |
140507s1941 xr er|||||||||||cze d |
| 015 |
|
|
|a cnb000756404
|
| 035 |
|
|
|a (OCoLC)28785406
|
| 040 |
|
|
|a ABA001
|b cze
|c OLA001
|d ABA001
|
| 100 |
1 |
|
|a Neruda, Jan,
|d 1834-1891
|7 jk01083209
|4 aut
|
| 245 |
1 |
0 |
|a Světla :
|b [výbor ze studií a kritik] /
|c Jan Neruda ; [uspořádal a předmluvu napsal Jan Šnobr ; v obálce a s kresbami Josefa Vodrážky]
|
| 260 |
|
|
|a Praha :
|b Jan Voves,
|c 1941
|
| 300 |
|
|
|a 321 s. ;
|c 21 cm
|
| 490 |
1 |
|
|a Výbor z díla / Jan Neruda ;
|v [sv.] 4
|
| 500 |
|
|
|a Typograficky upravil A.B. Kohout
|
| 700 |
1 |
|
|a Šnoflák, Jan,
|d 1891-1954
|7 jk01130671
|4 com
|4 wfw
|
| 800 |
1 |
|
|a Neruda, Jan,
|d 1834-1891.
|t Výbor z díla
|0 s
|
| 856 |
4 |
1 |
|u https://www.digitalniknihovna.cz/mzk/uuid/uuid:90763040-d5d2-11e3-b110-005056827e51
|y Digitalizovaný dokument
|x NDK
|
| 910 |
|
|
|a BOA001
|b 2-0158.344,4
|
| 990 |
|
|
|a BK
|
| 991 |
|
|
|b 201405
|
| 996 |
6 |
|
|b 2619637131
|c 2-0158.344,4
|l MZK
|r Sklad / do 24 hodin
|n 0
|w 001420441
|u 000010
|a 1
|e BOA001
|j MZK50
|s P
|